000 01211nam a22002777a 4500
005 20250807094408.0
008 240312b ||||| |||| 00| 0 eng d
020 _a9789352533008
040 _cAL
041 _aeng
082 _223
_a581
_bVASB
100 _aB R Vashishta and others
_9234382
245 _aBotany for Degree Students
_b: Fungi
260 _aNew Delhi
_bS Chand and Company Ltd
_c2020
300 _axvi,794p
_bPB
_c23x16cm
365 _2Botany
_a7733
_b440.00
_c
_d550.00
_e20%
_f15-02-204
520 _at is a part of five book series on Botany for Degree Students. The revised edition of Botany for Degree Students-Bryophyta deals with a small group of primitive, thalloid plants which are amphibious in habit. The text presents latest and significant results of botanical researches in an organised, lucid and cogent manner. This book is suitable for both undergraduate and postgraduate courses.
650 _aMyxomycotina
_9153770
650 _aHemiascomycetidae
_9153771
650 _aPlant Parasitic Nematodes
_9153772
650 _aEumycotina
_9153773
700 _aVashishta, B R
_9153774
700 _aSinha, A K
_9153775
700 _aKumar, Anil
_9153776
942 _2ddc
_cREF
999 _c230217
_d230217